Statistics for Catholicism in Europe

Click here to take the quiz!

General Stats

  • This quiz has been taken 1,322 times
  • The average score is 18 of 21

Answer Stats

HintAnswer% Correct
19Spain
98%
8Italy
98%
5France
97%
15Portugal
95%
21Vatican
93%
14Poland
93%
7Ireland
91%
2Austria
90%
3Belgium
89%
1Andorra
87%
16San Marino
86%
18Slovenia
86%
4Croatia
86%
17Slovakia
85%
6Hungary
84%
12Malta
83%
13Monaco
82%
20Switzerland
80%
11Luxembourg
80%
10Lithuania
78%
9Liechtenstein
68%

Score Distribution

Percentile by Number Answered

Percent of People with Each Score

Your Score History

You have not taken this quiz